| 000 | 00944nam a2200217Ia 4500 | ||
|---|---|---|---|
| 999 |
_c32595 _d32595 |
||
| 003 | OSt | ||
| 005 | 20210531214459.0 | ||
| 008 | 160316s2011 xxu||||| |||| 00| 0 eng d | ||
| 020 | _a9780415550048 | ||
| 040 | _cn | ||
| 082 |
_a341.600000 _bCHA |
||
| 100 | _aChadwick Elizabeth | ||
| 245 | _aSelf-determination in the post-9/11 era | ||
| 260 |
_aLondon _bRoutledge _c2011 |
||
| 300 |
_a160p _cxv |
||
| 365 | _b Rs. 7,922 | ||
| 505 | _aTable of contents 1. Introduction; 2. Perspectives on Self-Determination in the Post-9/11 Era; 3. The Role of Laws of Warfare; 4. 'Peace' is 'War; 5. The Growth in Linkage between Self-Determination and Terrorism: International and Regional Instruments; 6. Post-9/11 Statutes and Case Law of the Security Council Permanent Members; 7. Conclusions and Final Remarks | ||
| 650 | _a1. Self-Determination - National2. Terrorism - Prevention - Law & Legislation | ||
| 700 |
_a _a |
||
| 942 |
_2ddc _cBK |
||